[Event "VIE-chT"]
[Site "Hanoi"]
[Date "2023.04.23"]
[Round "9"]
[White "Tran, Manh Tien"]
[Black "Tran, Vo Quoc Bao"]
[Result "1/2-1/2"]
[WhiteElo "2203"]
[BlackElo "1899"]
[PlyCount "32"]
[EventDate "2023.04.18"]
[EventType "swiss"]
[EventRounds "9"]
[EventCountry "VIE"]
[SourceTitle "EXT 2024"]
[Source "ChessBase"]
[SourceDate "2023.10.10"]
[SourceVersion "1"]
[SourceVersionDate "2023.10.10"]
[SourceQuality "1"]

1. d4 d5 2. c4 c6 3. Nc3 Nf6 4. Nf3 e6 5. e3 Nbd7 6. Qc2 Bd6 7. b3 Qe7 8. Bb2 0-0 9. Be2 b6 10. 0-0 Bb7 11. Rad1 Rad8 12. e4 dxe4 13. Nxe4 Nxe4 14. Qxe4 Nf6 15. Qh4 c5 16. Bd3 h6 1/2-1/2

[Event "VIE-chT"]
[Site "Hanoi"]
[Date "2023.04.22"]
[Round "8"]
[White "Nguyen, Duc Hoa"]
[Black "Tran, Manh Tien"]
[Result "1-0"]
[WhiteElo "2354"]
[BlackElo "2203"]
[PlyCount "59"]
[EventDate "2023.04.18"]
[EventType "swiss"]
[EventRounds "9"]
[EventCountry "VIE"]
[SourceTitle "EXT 2024"]
[Source "ChessBase"]
[SourceDate "2023.10.10"]
[SourceVersion "1"]
[SourceVersionDate "2023.10.10"]
[SourceQuality "1"]

1. d4 Nf6 2. c4 e6 3. g3 Bb4+ 4. Bd2 Qe7 5. Nf3 Bxd2+ 6. Qxd2 Nc6 7. Nc3 d6 8. Bg2 0-0 9. Rc1 e5 10. Nd5 Qd8 11. 0-0 Re8 12. dxe5 dxe5 13. Rfd1 Be6 14. Qc3 Qc8 15. b4 Ne4 16. Qc2 Bf5 17. Nh4 Nd6 18. Nxf5 Nxf5 19. Bh3 e4 20. Bxf5 Qxf5 21. Nxc7 Qh3 22. Nxe8 Rxe8 23. b5 e3 24. bxc6 exf2+ 25. Kh1 bxc6 26. Rf1 Re3 27. Rxf2 g6 28. Rcf1 Rxg3 29. Qb2 Re3 30. Qb8+ 1-0

[Event "VIE-ch"]
[Site "Vung Tau"]
[Date "2023.03.05"]
[Round "4"]
[White "Tran, Manh Tien"]
[Black "Hoang, Canh Huan"]
[Result "0-1"]
[WhiteElo "2241"]
[BlackElo "2383"]
[PlyCount "64"]
[EventDate "2023.03.03"]
[EventType "swiss"]
[EventRounds "9"]
[EventCountry "VIE"]
[SourceTitle "EXT 2024"]
[Source "ChessBase"]
[SourceDate "2023.10.10"]
[SourceVersion "1"]
[SourceVersionDate "2023.10.10"]
[SourceQuality "1"]

1. d4 Nf6 2. Nf3 d5 3. Bf4 c5 4. e3 Nc6 5. c3 Qb6 6. Qb3 c4 7. Qc2 Bf5 8. Qc1 Qa5 9. Nbd2 b5 10. b4 Qb6 11. a4 e6 12. Be2 Be7 13. 0-0 a5 14. axb5 Qxb5 15. Ne5 0-0 16. Nxc6 Qxc6 17. bxa5 Qb5 18. f3 Rxa5 19. Rxa5 Qxa5 20. e4 Bg6 21. Qa1 Ra8 22. Qxa5 Rxa5 23. Rb1 h6 24. Rb7 Nh5 25. Be3 Bg5 26. Kf2 Ra3 27. Nb1 Ra2 28. g3 Bxe3+ 29. Kxe3 Nf6 30. Rb8+ Kh7 31. e5 Ng8 32. Bd1 Ra1 0-1

[Event "Hanoi 08"]
[Site "Hanoi"]
[Date "2022.08.01"]
[Round "1"]
[White "Tran, Manh Tien"]
[Black "Nguyen, Van Huy"]
[Result "1/2-1/2"]
[WhiteElo "2257"]
[BlackElo "2343"]
[PlyCount "30"]
[EventDate "2022.08.01"]
[EventType "tourn"]
[EventRounds "9"]
[EventCountry "VIE"]
[SourceTitle "EXT 2023"]
[Source "ChessBase"]
[SourceDate "2022.10.05"]
[SourceVersion "1"]
[SourceVersionDate "2022.10.05"]
[SourceQuality "1"]

1. e4 c6 2. d4 d5 3. Nc3 dxe4 4. Nxe4 Bf5 5. Ng3 Bg6 6. h4 h6 7. Nf3 Nd7 8. h5 Bh7 9. Bd3 Bxd3 10. Qxd3 e6 11. 0-0 Ngf6 12. Re1 Be7 13. c4 0-0 14. Bf4 Qa5 15. a3 Qb6 1/2-1/2

[Event "Hanoi op 12"]
[Site "Hanoi"]
[Date "2022.??.??"]
[Round "6"]
[White "Tran, Manh Tien"]
[Black "Banh, Gia Huy"]
[Result "1/2-1/2"]
[WhiteElo "2241"]
[BlackElo "2122"]
[PlyCount "104"]
[EventDate "2022.12.11"]
[EventType "swiss"]
[EventRounds "9"]
[EventCountry "VIE"]
[SourceTitle "CBM 211 Extra"]
[Source "ChessBase"]
[SourceDate "2023.01.31"]
[SourceVersion "1"]
[SourceVersionDate "2023.01.31"]
[SourceQuality "1"]

1. d4 Nf6 2. c4 c5 3. Nf3 cxd4 4. Nxd4 e5 5. Nf3 Nc6 6. Nc3 Bb4 7. Bd2 0-0 8. e3 Re8 9. a3 Bxc3 10. Bxc3 d5 11. cxd5 Nxd5 12. Rc1 e4 13. Nd2 Qg5 14. Qa4 Bg4 15. Nxe4 Qe7 16. Bd3 Bf5 17. f3 Ne5 18. Bxe5 Qxe5 19. Qd4 Nf4 20. Bb1 Qxd4 21. exd4 Rad8 22. Kf2 Rxd4 23. Rhd1 Rxd1 24. Rxd1 Be6 25. g3 Nd5 26. Ng5 h6 27. Nxe6 fxe6 28. Be4 Rc8 29. Bxd5 exd5 30. Ke3 Rc5 31. Rd2 Kf7 32. Kd4 b6 33. Ke5 d4+ 34. Kxd4 Kf6 35. h4 g5 36. hxg5+ hxg5 37. b4 Rc1 38. Rd3 Kf5 39. Ke3 Ra1 40. b5 Ke5 41. f4+ gxf4+ 42. gxf4+ Ke6 43. Ke4 Re1+ 44. Re3 Rb1 45. Kd4+ Kd6 46. Kc4 Rc1+ 47. Rc3 Rf1 48. Rd3+ Ke6 49. Rd4 Rf3 50. Kb4 Kf5 51. Rd2 Rxf4+ 52. Kb3 Ke6 1/2-1/2

[Event "Hanoi op 12"]
[Site "Hanoi"]
[Date "2022.??.??"]
[Round "8"]
[White "Tran, Manh Tien"]
[Black "Pham, Xuan Dat"]
[Result "1-0"]
[WhiteElo "2241"]
[BlackElo "2234"]
[PlyCount "60"]
[EventDate "2022.12.11"]
[EventType "swiss"]
[EventRounds "9"]
[EventCountry "VIE"]
[SourceTitle "CBM 211 Extra"]
[Source "ChessBase"]
[SourceDate "2023.01.31"]
[SourceVersion "1"]
[SourceVersionDate "2023.01.31"]
[SourceQuality "1"]

1. d4 Nf6 2. c4 g6 3. Nc3 d5 4. cxd5 Nxd5 5. e4 Nxc3 6. bxc3 Bg7 7. Qa4+ Nd7 8. Nf3 0-0 9. Bg5 c5 10. Rc1 h6 11. Be3 Nf6 12. Bd3 Bd7 13. Qa3 c4 14. Bc2 b5 15. 0-0 e6 16. Ne5 Qc7 17. Rb1 a6 18. f3 Be8 19. Qc1 Kh7 20. a4 Nd7 21. f4 Nb6 22. f5 Nd7 23. Nxd7 Bxd7 24. f6 Bh8 25. Bxh6 e5 26. Bxf8 Rxf8 27. Qg5 Re8 28. axb5 axb5 29. d5 Ra8 30. h4 Ra6 1-0

[Event "VIE-ch"]
[Site "Ho Chi Minh City"]
[Date "2021.03.28"]
[Round "7"]
[White "Pham, Xuan Dat"]
[Black "Tran, Manh Tien"]
[Result "1-0"]
[WhiteElo "2215"]
[BlackElo "2265"]
[PlyCount "61"]
[EventDate "2021.03.24"]
[EventType "swiss"]
[EventRounds "9"]
[EventCountry "VIE"]
[SourceTitle "EXT 2022"]
[Source "ChessBase"]
[SourceDate "2021.10.06"]
[SourceVersion "1"]
[SourceVersionDate "2021.10.06"]
[SourceQuality "1"]

1. d4 d5 2. c4 e6 3. Nc3 c5 4. cxd5 exd5 5. Nf3 Nc6 6. g3 Nf6 7. Bg2 Bg4 8. Bg5 Be7 9. dxc5 d4 10. Na4 Ne4 11. Bxe7 Qxe7 12. 0-0 Rd8 13. Qc1 0-0 14. Rd1 Rfe8 15. Qf4 Bc8 16. b4 b5 17. cxb6 Qxb4 18. Nd2 f5 19. b7 Bd7 20. Nxe4 fxe4 21. Bxe4 Qxa4 22. Rab1 Rb8 23. Rdc1 Ne5 24. Rc5 Ng6 25. Qd6 Nf8 26. Re5 Bh3 27. Re7 Nd7 28. Qd5+ Kh8 29. Rxe8+ Rxe8 30. Qh5 Rxe4 31. b8Q+ 1-0

[Event "VIE-ch"]
[Site "Hanoi"]
[Date "2020.10.10"]
[Round "8"]
[White "Tran, Manh Tien"]
[Black "Nguyen, Hoang Nam2222"]
[Result "0-1"]
[WhiteElo "2275"]
[BlackElo "2183"]
[PlyCount "66"]
[EventDate "2020.10.05"]
[EventType "swiss"]
[EventRounds "9"]
[EventCountry "VIE"]
[SourceTitle "EXT 2022"]
[Source "ChessBase"]
[SourceDate "2021.10.06"]
[SourceVersion "1"]
[SourceVersionDate "2021.10.06"]
[SourceQuality "1"]

1. d4 Nf6 2. Nf3 g6 3. c4 c5 4. d5 b5 5. cxb5 a6 6. bxa6 Bg7 7. Nc3 0-0 8. e4 d6 9. h3 Qa5 10. Bd2 Bxa6 11. Bxa6 Qxa6 12. Qe2 Nbd7 13. Qxa6 Rxa6 14. Ke2 Rb8 15. b3 Rb4 16. e5 dxe5 17. Rhd1 Ne8 18. Ne1 e4 19. Nc2 Rb8 20. Rdb1 Nd6 21. a4 f5 22. b4 Raa8 23. a5 Nc4 24. Be1 cxb4 25. Nxb4 Rxa5 26. Nc6 Rxa1 27. Rxa1 Rb2+ 28. Kd1 Bf6 29. Ra7 e3 30. fxe3 Nc5 31. Nxe7+ Kf8 32. Ra8+ Kf7 33. Nxf5 gxf5 0-1

[Event "VIE-ch"]
[Site "Hanoi"]
[Date "2020.10.08"]
[Round "6"]
[White "Tran, Manh Tien"]
[Black "Pham, Tran Gia Phuc"]
[Result "1-0"]
[WhiteElo "2275"]
[BlackElo "1619"]
[PlyCount "65"]
[EventDate "2020.10.05"]
[EventType "swiss"]
[EventRounds "9"]
[EventCountry "VIE"]
[SourceTitle "EXT 2022"]
[Source "ChessBase"]
[SourceDate "2021.10.06"]
[SourceVersion "1"]
[SourceVersionDate "2021.10.06"]
[SourceQuality "1"]

1. c4 Nf6 2. Nc3 g6 3. d4 Bg7 4. e4 d6 5. Nf3 0-0 6. Be2 e5 7. 0-0 Nc6 8. d5 Ne7 9. b4 Nh5 10. Re1 Nf4 11. Bf1 f5 12. g3 Nh5 13. Ng5 h6 14. Ne6 Bxe6 15. dxe6 fxe4 16. Nxe4 Nc6 17. Be3 Qe7 18. Qg4 Kh7 19. Bd3 Nf6 20. Qh3 Nxe4 21. Bxe4 Nd8 22. b5 Re8 23. Qg2 Qxe6 24. Rac1 a6 25. h4 axb5 26. cxb5 c6 27. h5 Rf8 28. hxg6+ Kg8 29. bxc6 bxc6 30. Rxc6 Ra5 31. Ra6 Qxa2 32. Rxd6 Qa3 33. Red1 1-0

[Event "VIE-ch"]
[Site "Hanoi"]
[Date "2020.10.06"]
[Round "3"]
[White "Le, Tuan Minh"]
[Black "Tran, Manh Tien"]
[Result "1-0"]
[WhiteElo "2501"]
[BlackElo "2275"]
[PlyCount "93"]
[EventDate "2020.10.05"]
[EventType "swiss"]
[EventRounds "9"]
[EventCountry "VIE"]
[SourceTitle "EXT 2022"]
[Source "ChessBase"]
[SourceDate "2021.10.06"]
[SourceVersion "1"]
[SourceVersionDate "2021.10.06"]
[SourceQuality "1"]

1. d4 Nf6 2. c4 c5 3. d5 e6 4. Nc3 exd5 5. cxd5 d6 6. e4 g6 7. Be2 Bg7 8. Nf3 0-0 9. Nd2 Nbd7 10. 0-0 a6 11. a4 Ne8 12. f4 Rb8 13. a5 b5 14. axb6 Rxb6 15. Nc4 Rb4 16. Re1 f5 17. exf5 gxf5 18. Na5 Nb8 19. Bf3 Kh8 20. Re2 Nf6 21. Nc6 Nxc6 22. dxc6 d5 23. Ra4 Rxa4 24. Nxa4 Ne4 25. b3 Qd6 26. Rc2 Bd4+ 27. Kh1 Re8 28. Bxe4 Rxe4 29. Ba3 Qxf4 30. Bxc5 Bf6 31. Bg1 d4 32. Nb6 d3 33. Rf2 Qe5 34. Rf1 Be6 35. Qxd3 Be7 36. Nd7 Qd6 37. Qc3+ Kg8 38. Nc5 Qxc6 39. Nxe4 Qxe4 40. Re1 Qd5 41. Qe3 Kf7 42. Qh6 Qxb3 43. Qxh7+ Ke8 44. Qh8+ Kf7 45. Qh5+ Kf8 46. Qg6 Bd7 47. Qh6+ 1-0

[Event "VIE-chT"]
[Site "Ho Chi Minh City"]
[Date "2019.10.02"]
[Round "9.1"]
[White "Nguyen, Huu Hoang Anh"]
[Black "Tran, Manh Tien"]
[Result "0-1"]
[WhiteElo "1945"]
[BlackElo "2275"]
[PlyCount "108"]
[EventDate "2019.09.26"]
[EventType "team-swiss"]
[EventRounds "9"]
[EventCountry "VIE"]
[SourceTitle "EXT 2020"]
[Source "ChessBase"]
[SourceDate "2019.10.17"]
[SourceVersion "1"]
[SourceVersionDate "2019.10.17"]
[SourceQuality "1"]

1. e4 Nf6 2. e5 Nd5 3. d4 d6 4. c4 Nb6 5. f4 dxe5 6. fxe5 Nc6 7. Be3 Bf5 8. Nf3 e6 9. Be2 Nb4 10. Na3 c5 11. 0-0 Bg6 12. dxc5 Nd7 13. Nb5 Nc2 14. Bg5 Bxc5+ 15. Kh1 f6 16. Nh4 Nxa1 17. Nxg6 hxg6 18. exf6 Nxf6 19. Qb1 Kf7 20. Bd3 a6 21. Nc3 Qc7 22. Bxg6+ Kg8 23. Bf4 Bd6 24. Ne2 Rf8 25. h3 Rh4 26. Bxd6 Qxd6 27. Qxa1 Rxc4 28. b3 Rh4 29. Qc3 Rh6 30. Bd3 Nd5 31. Rxf8+ Qxf8 32. Qe5 Qd8 33. Nd4 Qc7 34. Qg5 Nf4 35. Bc4 Kh8 36. Nf3 Rh5 37. Qg4 Qf7 38. Nh4 Rh6 39. a4 Qf6 40. Nf3 Rg6 41. Qh4+ Qxh4 42. Nxh4 Rg5 43. Kh2 b5 44. axb5 axb5 45. Bf1 Kg8 46. Nf3 Rd5 47. Kg3 Nd3 48. h4 Kf7 49. Ng5+ Ke7 50. Ne4 b4 51. Kf3 Nc5 52. Nxc5 Rxc5 53. Ke4 Rc3 54. Bc4 Rg3 0-1

[Event "VIE-chT"]
[Site "Ho Chi Minh City"]
[Date "2019.09.28"]
[Round "4.1"]
[White "Tran, Manh Tien"]
[Black "Nguyen, Huynh Minh Huy"]
[Result "1-0"]
[WhiteElo "2275"]
[BlackElo "2413"]
[PlyCount "73"]
[EventDate "2019.09.26"]
[EventType "team-swiss"]
[EventRounds "9"]
[EventCountry "VIE"]
[SourceTitle "EXT 2020"]
[Source "ChessBase"]
[SourceDate "2019.10.17"]
[SourceVersion "1"]
[SourceVersionDate "2019.10.17"]
[SourceQuality "1"]

1. d4 d5 2. c4 c6 3. Nf3 Nf6 4. e3 a6 5. Qc2 g6 6. Bd3 Bg7 7. Nbd2 0-0 8. 0-0 Nbd7 9. b3 b6 10. a4 Bb7 11. a5 c5 12. axb6 Qxb6 13. Bb2 Rfc8 14. Rfc1 e6 15. Be2 Qd8 16. dxc5 Nxc5 17. Bd4 dxc4 18. Nxc4 Bd5 19. b4 Ncd7 20. Qb2 Rcb8 21. Nce5 Bf8 22. Rxa6 Rxa6 23. Bxa6 Rxb4 24. Qa1 Rb8 25. Ng5 Nxe5 26. Bxe5 Ra8 27. Bxf6 Qb6 28. Rc8 Rxa6 29. Qc1 Ra8 30. h4 h6 31. Be7 hxg5 32. Rxa8 Bxa8 33. Qc8 Qb1+ 34. Kh2 Qf5 35. Qxf8+ Kh7 36. Qxa8 Qxf2 37. Bxg5 1-0

[Event "VIE-chT"]
[Site "Ho Chi Minh City"]
[Date "2019.09.27"]
[Round "3.3"]
[White "Tran, Manh Tien"]
[Black "Nguyen, Quoc Hy"]
[Result "1-0"]
[WhiteElo "2275"]
[BlackElo "2129"]
[PlyCount "51"]
[EventDate "2019.09.26"]
[EventType "team-swiss"]
[EventRounds "9"]
[EventCountry "VIE"]
[SourceTitle "EXT 2020"]
[Source "ChessBase"]
[SourceDate "2019.10.17"]
[SourceVersion "1"]
[SourceVersionDate "2019.10.17"]
[SourceQuality "1"]

1. Nf3 d5 2. g3 Nf6 3. Bg2 Bg4 4. c4 c6 5. cxd5 cxd5 6. Ne5 Bh5 7. Qa4+ Nbd7 8. Nc3 e6 9. g4 Bg6 10. h4 a6 11. h5 b5 12. hxg6 Nxe5 13. gxf7+ Nxf7 14. Qb3 Nxg4 15. Nxd5 exd5 16. Bxd5 Ra7 17. Bc6+ Ke7 18. Bd5 Qb6 19. f3 Qf2+ 20. Kd1 Nge5 21. d3 Rd7 22. Bd2 Kf6 23. f4 Ng4 24. Be6 Qg2 25. Bxd7 Qxh1+ 26. Kc2 1-0

[Event "VIE-ch"]
[Site "Ho Chi Minh City"]
[Date "2019.05.09"]
[Round "9"]
[White "Tran, Manh Tien"]
[Black "Do, An Hoa1111"]
[Result "1-0"]
[WhiteElo "2275"]
[BlackElo "1565"]
[PlyCount "55"]
[EventDate "2019.05.02"]
[EventType "swiss"]
[EventRounds "9"]
[EventCountry "VIE"]
[SourceTitle "CBM 190 Extra"]
[Source "ChessBase"]
[SourceDate "2019.07.15"]
[SourceVersion "1"]
[SourceVersionDate "2019.07.15"]
[SourceQuality "1"]

1. d4 e6 2. c4 f5 3. Nf3 Nf6 4. Bf4 h6 5. e3 g5 6. Bg3 d6 7. Nc3 Qe7 8. Be2 Bd7 9. h4 Rg8 10. hxg5 hxg5 11. Qb3 b6 12. c5 Bc6 13. cxd6 cxd6 14. Bb5 Qd7 15. Bxc6 Nxc6 16. d5 exd5 17. Nxd5 Nxd5 18. Qxd5 Rg7 19. Nd4 Rc8 20. Nxf5 Rg6 21. Rh8 Rf6 22. Nxd6+ Kd8 23. Rd1 Rc7 24. Qxg5 Ke7 25. Rh7+ Kd8 26. Qxf6+ Be7 27. Qh8+ Bf8 28. Qxf8+ 1-0

[Event "VIE-ch"]
[Site "Ho Chi Minh City"]
[Date "2019.05.07"]
[Round "7"]
[White "Tran, Manh Tien"]
[Black "Nguyen, Huynh Minh Thien"]
[Result "1/2-1/2"]
[WhiteElo "2275"]
[BlackElo "2042"]
[PlyCount "71"]
[EventDate "2019.05.02"]
[EventType "swiss"]
[EventRounds "9"]
[EventCountry "VIE"]
[SourceTitle "CBM 190 Extra"]
[Source "ChessBase"]
[SourceDate "2019.07.15"]
[SourceVersion "1"]
[SourceVersionDate "2019.07.15"]
[SourceQuality "1"]

1. e4 c6 2. Nc3 d5 3. Nf3 Bg4 4. h3 Bxf3 5. Qxf3 Nf6 6. d3 e6 7. g4 Bb4 8. Bd2 Qb6 9. 0-0-0 Nbd7 10. g5 Ng8 11. h4 Ne7 12. Bh3 Ne5 13. Qg3 Bd6 14. f4 Nd7 15. Qf3 0-0-0 16. exd5 exd5 17. Rde1 Kb8 18. Bxd7 Rxd7 19. f5 g6 20. fxg6 fxg6 21. h5 gxh5 22. Rxh5 Ng6 23. Qg4 Qc7 24. Ne2 Re8 25. Reh1 Rf7 26. Nd4 Bf4 27. Qd1 Bxd2+ 28. Qxd2 Ref8 29. Qh2 Ne5 30. g6 Rf1+ 31. Rxf1 Rxf1+ 32. Kd2 Nxg6 33. Qxc7+ Kxc7 34. Rxh7+ Kb6 35. Ne6 Rf2+ 36. Kc3 1/2-1/2

[Event "VIE-ch"]
[Site "Ho Chi Minh City"]
[Date "2019.05.05"]
[Round "4"]
[White "Tran, Manh Tien"]
[Black "Pham, Phu Quang"]
[Result "1-0"]
[WhiteElo "2275"]
[BlackElo "1957"]
[PlyCount "85"]
[EventDate "2019.05.02"]
[EventType "swiss"]
[EventRounds "9"]
[EventCountry "VIE"]
[SourceTitle "CBM 190 Extra"]
[Source "ChessBase"]
[SourceDate "2019.07.15"]
[SourceVersion "1"]
[SourceVersionDate "2019.07.15"]
[SourceQuality "1"]

1. d4 Nf6 2. Bf4 g6 3. e3 Bg7 4. Nf3 0-0 5. Be2 d6 6. h3 Nbd7 7. 0-0 b6 8. a4 Bb7 9. a5 a6 10. axb6 cxb6 11. Nbd2 b5 12. Bh2 Qb6 13. Bd3 d5 14. Qe2 Ne4 15. Nb3 Rac8 16. Rfc1 Nd6 17. Na5 Ba8 18. b4 Nc4 19. c3 Nxa5 20. Rxa5 Rc6 21. Rca1 Bb7 22. Bxb5 axb5 23. Rxb5 Qa6 24. Rxa6 Bxa6 25. Bf4 Rfc8 26. e4 dxe4 27. Ng5 Rxc3 28. Qa2 Bxb5 29. Qxf7+ Kh8 30. Qxe7 R3c6 31. Nf7+ Kg8 32. Nd6 Rxd6 33. Qxd6 Kh8 34. Qe6 Rf8 35. Bd6 Rf6 36. Qd5 Rf5 37. Qxe4 Bf8 38. g4 Rf7 39. Qd5 Bxd6 40. Qxf7 Bf8 41. Qd5 Ba4 42. b5 Nb6 43. Qe5+ 1-0

[Event "VIE-ch"]
[Site "Ho Chi Minh City"]
[Date "2019.05.02"]
[Round "1"]
[White "Tran, Manh Tien"]
[Black "Vo, Pham Thien Phuc"]
[Result "1/2-1/2"]
[WhiteElo "2275"]
[BlackElo "1761"]
[PlyCount "156"]
[EventDate "2019.05.02"]
[EventType "swiss"]
[EventRounds "9"]
[EventCountry "VIE"]
[SourceTitle "CBM 190 Extra"]
[Source "ChessBase"]
[SourceDate "2019.07.15"]
[SourceVersion "1"]
[SourceVersionDate "2019.07.15"]
[SourceQuality "1"]

1. g3 g6 2. Bg2 Bg7 3. c4 d6 4. Nc3 c5 5. a3 Nc6 6. Rb1 a5 7. d3 e6 8. Nh3 Nge7 9. Nf4 Rb8 10. 0-0 0-0 11. Bd2 Bd7 12. Nb5 Nc8 13. e3 N6a7 14. Nxa7 Nxa7 15. b4 axb4 16. axb4 b5 17. Qc2 bxc4 18. dxc4 cxb4 19. Bxb4 Bc6 20. Rfd1 Bxg2 21. Kxg2 Nc8 22. Ba5 Rxb1 23. Bxd8 Rxd1 24. Qxd1 Rxd8 25. Qb3 Bf8 26. Qb7 Ne7 27. g4 Rc8 28. Qe4 Rc5 29. Nd3 Rc8 30. Kg1 d5 31. cxd5 Nxd5 32. g5 Bd6 33. h4 Rc7 34. Kg2 Rc8 35. Kh3 Rc7 36. Qa4 Rc3 37. Qa8+ Kg7 38. Qa6 Be7 39. Kh2 Ra3 40. Qc4 Bd6+ 41. Kg1 Ra1+ 42. Kg2 Ra8 43. Kf3 Ra3 44. Kg2 Kg8 45. Qd4 Ra8 46. Nb2 Bf8 47. Nc4 Rc8 48. Qd3 Bg7 49. Kg3 Nb4 50. Qb3 Bf8 51. e4 Rd8 52. Kg2 Nd3 53. Qb6 Rc8 54. Ne3 Nf4+ 55. Kf3 Nh5 56. Qb7 Rc3 57. Qb8 Ra3 58. Kg2 Rxe3 59. fxe3 Kg7 60. Qe5+ Kg8 61. Kf3 Bg7 62. Qb8+ Bf8 63. Ke2 Ng7 64. Kd3 Nh5 65. Kc4 Ng7 66. Kb5 Nh5 67. Kc6 Ng7 68. Kd7 Nh5 69. Qb5 Ng7 70. Qf1 Nh5 71. e5 Ng7 72. e4 Nh5 73. Qf2 Ng7 74. Qf6 Nh5 75. Qd8 Ng7 76. Qa8 Nh5 77. Qb8 Ng7 78. Qa8 Nh5 1/2-1/2

[Event "Hanoi op"]
[Site "Hanoi"]
[Date "2019.02.23"]
[Round "2"]
[White "Nguyen, Khanh Lam"]
[Black "Tran, Manh Tien"]
[Result "0-1"]
[WhiteElo "1316"]
[BlackElo "2287"]
[PlyCount "100"]
[EventDate "2019.02.22"]
[EventType "swiss"]
[EventRounds "9"]
[EventCountry "VIE"]
[SourceTitle "EXT 2021"]
[Source "ChessBase"]
[SourceDate "2020.10.23"]
[SourceVersion "1"]
[SourceVersionDate "2020.10.23"]
[SourceQuality "1"]

1. d4 Nf6 2. Nf3 b6 3. g3 Bb7 4. Bg2 e6 5. 0-0 c5 6. c4 cxd4 7. Nxd4 Bxg2 8. Kxg2 Qc8 9. b3 Qb7+ 10. Kg1 Be7 11. Bb2 0-0 12. Nc3 a6 13. Nf3 b5 14. cxb5 axb5 15. Qd3 b4 16. Nb5 Ne4 17. Bd4 Ra5 18. a4 bxa3 19. Nc3 Nc5 20. Bxc5 Rxc5 21. Ne4 Rd5 22. Qe3 Nc6 23. Rfc1 Ra8 24. g4 Rb5 25. Nfd2 d5 26. Nc5 Bxc5 27. Rxc5 Rxc5 28. Qxc5 Nb4 29. h4 a2 30. Kh2 Qb8+ 31. Kg2 Qf4 32. Nf3 Qxg4+ 33. Kh2 Qf4+ 34. Kg2 h6 35. Kh3 Qf5+ 36. Kh2 Nc2 37. Qc6 Ra7 38. Qb6 Qf4+ 39. Kh3 Ra8 40. Qc6 Qf5+ 41. Kh2 Ra3 42. Qc5 d4 43. Qd6 d3 44. Qg3 Nxa1 45. Qd6 Nc2 46. Ne5 a1Q 47. Nc6 Qxf2+ 48. Kh3 Qaf1+ 49. Kg4 Ne3+ 50. Kh5 Q1xe2# 0-1

[Event "VIE Cup"]
[Site "Bac Giang"]
[Date "2018.06.03"]
[Round "7"]
[White "Pham, Chuong"]
[Black "Tran, Manh Tien"]
[Result "1/2-1/2"]
[WhiteElo "2397"]
[BlackElo "2289"]
[PlyCount "59"]
[EventDate "2018.05.30"]
[EventType "swiss"]
[EventRounds "9"]
[EventCountry "VIE"]
[SourceTitle "CBM 184 Extra"]
[Source "ChessBase"]
[SourceDate "2018.06.28"]
[SourceVersion "1"]
[SourceVersionDate "2018.06.28"]
[SourceQuality "1"]

1. d4 Nf6 2. c4 e6 3. g3 Bb4+ 4. Bd2 Qe7 5. Nf3 Nc6 6. Nc3 Bxc3 7. Bxc3 Ne4 8. Rc1 Nxc3 9. Rxc3 0-0 10. Bg2 d6 11. 0-0 a5 12. a3 a4 13. c5 d5 14. Re1 Rd8 15. e4 dxe4 16. Rxe4 Ra5 17. Rd3 Qf8 18. Rf4 Ne7 19. Ng5 f5 20. Qe1 Ra6 21. c6 bxc6 22. Nxe6 Bxe6 23. Qxe6+ Qf7 24. Qe2 Ra5 25. h4 h6 26. h5 Nd5 27. Bxd5 Raxd5 28. Rc3 Rxd4 29. Rxd4 Rxd4 30. Rxc6 1/2-1/2

[Event "VIE Cup"]
[Site "Bac Giang"]
[Date "2018.06.02"]
[Round "5"]
[White "Dao, Minh Nhat"]
[Black "Tran, Manh Tien"]
[Result "1/2-1/2"]
[WhiteElo "1982"]
[BlackElo "2289"]
[PlyCount "86"]
[EventDate "2018.05.30"]
[EventType "swiss"]
[EventRounds "9"]
[EventCountry "VIE"]
[SourceTitle "CBM 184 Extra"]
[Source "ChessBase"]
[SourceDate "2018.06.28"]
[SourceVersion "1"]
[SourceVersionDate "2018.06.28"]
[SourceQuality "1"]

1. d4 Nf6 2. Bf4 c5 3. e3 e6 4. c3 Nc6 5. Nf3 d5 6. Nbd2 Nh5 7. Bg5 Qb6 8. Ne5 Nf6 9. Qb3 Nxe5 10. dxe5 Nd7 11. Bf4 Be7 12. Qxb6 Nxb6 13. Bb5+ Bd7 14. Bxd7+ Kxd7 15. e4 Rad8 16. a4 Kc6 17. a5 Nd7 18. 0-0-0 c4 19. exd5+ exd5 20. b4 cxb3 21. Nxb3 Bc5 22. Rhe1 Rhe8 23. Bg3 b6 24. Kc2 Nf8 25. f4 g6 26. f5 Rd7 27. Rf1 Rde7 28. c4 Rd7 29. cxd5+ Rxd5 30. Rxd5 Kxd5 31. fxg6 fxg6 32. Nxc5 bxc5 33. Rf7 a6 34. Ra7 Re6 35. Rf7 Re8 36. Ra7 Re6 37. Kc3 Rc6 38. Rf7 Rc8 39. Ra7 Rc6 40. Rf7 Rc8 41. Rb7 Rc6 42. Rf7 Rc8 43. Rb7 Rc6 1/2-1/2